| 000 | 00795nam a22002417a 4500 | ||
|---|---|---|---|
| 005 | 20241024145648.0 | ||
| 010 | _aENG-139902 ENG-142357 | ||
| 020 |
_a9789354423048 _c2310.00 |
||
| 020 |
_a9789354428135 _c1145.00 |
||
| 035 | _aEN-123434 | ||
| 035 | _aEN-125889 | ||
| 037 | _bDBAD/PUB | ||
| 082 | _a305.5 | ||
| 100 |
_aNarrain, Arvind _973391 |
||
| 245 |
_aOf Law and Life; Upendra Baxi in Conversation With _cBy Arvind Narrain...[et.al] |
||
| 260 |
_aHyderabad _bOrient Blackswan Private Ltd _c2024 |
||
| 270 |
_a3-6-752, Himayatnagar _bHyderabad _e500029 _minfo@orintblackswan.com |
||
| 300 |
_axx,582p. _c22cm(Hb) |
||
| 700 |
_aLiang, Lawrence _963882 |
||
| 700 |
_aKakarala, Sitharamam _963883 |
||
| 700 |
_aChaganti, Sruti _963884 |
||
| 942 |
_2ddc _cEN _h305.5 _mNAR |
||
| 999 |
_c201748 _d201748 |
||